000 01124nam0a22002771 4500
001 rc\1177973
005 20041129085616.4
035 _a(NLR Aleph) 006420414
090 _a5442251
_c5442251
100 _a20041129d1980 u |0rusy50 ca
101 0 _arus
102 _aRU
105 _aa |||||||||
200 1 _aМетодические аспекты оптимизации теплообменников и сложных систем
_fГ.Е. Каневец, В.Р. Никульшин, В.Т. Сусиденко
210 _aКиев
_cО-во "Знание" УССР
_d1980
215 _a33 с., 1 л. табл.
_cграф.
_d20
225 1 _aКибернетика
_fО-во "Знание" УССР
320 _aБиблиогр.: с. 31-33 (35 назв.)
700 1 _aКаневец
_bГ. Е.
_gГеоргий Евдокимович
701 1 _aНикульшин
_bВ. Р.
_gВладимир Русланович
701 1 _aСусиденко
_bВ. Т.
_gВалентин Трофимович
801 0 _aRU
_bNLR
_gpsbo
801 1 _aRU
_bELAR
_2rusmarc
852 _aNLR
_j80-4/18924
942 _cBOOK
980 _aNB